Egy nemzetközi nagyvállalat logisztikai költségeinek optimalizálása a kontrolling eszközeivel

Bibliographic Details
Main Author: Neumann Dániel
Other Authors: Németh Krisztina
Format: Thesis
Kulcsszavak:Logisztika
KONTROLLING
Költségelemzés
Online Access:http://dolgozattar.uni-bge.hu/19732

MARC

LEADER 00000nta a2200000 i 4500
001 dolg19732
005 20181217090713.0
008 181217suuuu hu om 000 hun d
040 |a BGE Dolgozattár Repozitórium  |b hun 
041 |a hu 
100 1 |a Neumann Dániel 
245 1 0 |a Egy nemzetközi nagyvállalat logisztikai költségeinek optimalizálása a kontrolling eszközeivel  |c Neumann Dániel  |h [elektronikus dokumentum] 
246 1 1 |a Egy nemzetközi nagyvállalat logisztikai költségeinek optimalizálása a kontrolling eszközeivel 
695 |a Logisztika 
695 |a KONTROLLING 
695 |a Költségelemzés 
700 1 |a Németh Krisztina  |e ths 
856 4 0 |u http://dolgozattar.uni-bge.hu/19732/1/Neumann%20D%C3%A1niel%20szakdolgozat.pdf  |z Dokumentum-elérés